000 00238nam a22000857a 4500
008 160907b xxu||||| |||| 00| 0 eng d
100 _9321
_aChath R
245 _aChildren Entertainment Stories(Hindi)
260 _aNew Delhi
_bAgni Prakashan
_c2012
999 _c2981
_d2981